000 00526nam a2200193Ia 4500
003 OSt
005 20251222123221.0
008 220923b |||||||| |||| 00| 0 ben d
037 _cTB
040 _aARTS
_cARTS
_bben
041 _2ben
_aben
084 _aO157,1M61x H0;K3..1-.26
_qAL
100 _aTagore
_9154861
245 0 _aRabindra rachanavali
260 _c1963
650 _aBENGALI LITERATURE
_9858506
942 _hO157,1M61x, H0;K3..1-.21
_cTB
_2CC
_n0
999 _c440834
_d440834